000 00694nam a2200265Ia 4500
001 6513
005 20240113233922.0
007 ta
008 050627s 196 a g b000 u eng u
040 _aCotton College,Assam
041 _aeng
082 _a539.81
_bB 983 N
100 _aButtlar, Haro Von .
245 0 _aNuclear Physics: An Introduction /
_cHaro Von Buttlar.
_hTextual Documents
250 _a1st ed. /
260 _aNew York :
_bAcademic Press ,
_cC 1968.
300 _axii, 547p. :
_bill. ;
_c23cm .
504 _aIndex
653 _aPhysics
653 _aNuclear Physics
653 _aPG-Physics
942 _2ddc
_cBK
999 _c6500
_d6500